000 00984cam a22001814a 4500
005 20250605164402.0
008 250528s ||||||||||||||||||||||||d
035 _a24656
040 _aGR-AtMCL
_bgre
_dGR-AtMCL
_eAACR2
245 1 _aΗ Ιδιωτική Δαπάνη των Νοικοκυριών Πρέπει να Εισαχθεί σε Ένα Σχήμα 'Προπληρωμένης Φροντίδας'
260 _bMorax Media S.A,
_c2019
300 _a96
520 _aΠρωταθλητισμός για 57 Επαγγελματίες της Ασφαλιστικής Αγοράς, Ασφάλισε τους 3 Αστροναύτες που Πήγαν στη Σελήνη, Ένα Γραφείο που Έκανε Παραγωγικά Άλματα, 6,8 δισ. Δολλάρια Ετησίως το Κέρδος για τις Ασφαλιστικές.
700 1 _aΜωράκης Φίλιππος
_99500
942 _cCR
999 _c9523
_d9523